000 00678nam a2200253Ia 4500
003 OSt
005 20220912150501.0
006 a|||||r|||| 00| 0
007 ta
008 220909b |||||||| |||| 00| 0 eng d
024 _a62673
037 _cTextual
040 _aCSL
_beng
_cCSL
041 _aeng
082 _aJ:(I), L71 CS
100 _aMorton Julia F
245 0 _aMajor medicinal plants: botany, culture and uses
260 _c1977
300 _axix,431p.
_ccm.
500 _aAppendix 359-372p; Bibliography 383-412p
650 _aAgriculture
942 _hJ:(I), L71 CS
_cTEXL
_2CC
999 _c48399
_d48399